000 00752nam a2200157 4500
008 779.092 G216d
020 _a9789945868210
082 _a779.092
_bG216d
100 _aCentro Cultural de España en Santo Domingo
_96536
245 _aDiversidad:
_bla diferencia como definición
260 _aSanto Domingo
_bCentro Cultural de España en Santo Domingo
_c2010
300 _a112 p.
_bill (col)
_c25.5 x 25.5 cm
505 _tPresentación
_rJoaquín Benito
_tSobre la diferencia
_rRosa Olivares
_tArtistas
_tCarmela García
_tAmparo Garrido
_tGermán Gómez
_tAli Hanoon
_tJesús Micó
_tTanit Plana
_tMiguel Trillo
_tJesús Ubera
650 _xarte contemporáneo
_xfotografía
_xcatálogo de exhibición
_xEspaña
_96537
700 _aBenito, Joaquín; Olivares, Rosa
_96538
999 _c1556
_d1556